| 000 | 00923nam a22002657a 4500 | ||
|---|---|---|---|
| 999 |
_c4886 _d4886 |
||
| 003 | AR-CdUCM | ||
| 008 | 190311b ||||| |||| 00| 0 spa d | ||
| 040 |
_aMUNICIPALIDAD PROVINCIAL DEL CUSCO _cBIBLIOTECA MUNICIPAL DEL CUSCO |
||
| 082 |
_a190.3 / _bG11 |
||
| 100 |
_aGaboriau, Marc _915022 |
||
| 245 | _aEstructuralismo e Historia / | ||
| 260 |
_aBuenos Aires : _bNueva Vision SAIC , _c1969. |
||
| 300 |
_a156 páginas ; _c19.5 cm. |
||
| 505 | _aContenido : Gilles Granger -- Paul de Gandemar -- Evon Z. Vogt -- Mare Gaboriau -- José Sazbón -- Henri Lefebvre... | ||
| 650 |
_aEstructuralismo _915023 |
||
| 650 |
_aHistoria del Estructualismo _915024 |
||
| 650 |
_aCiencias Humanas _915025 |
||
| 700 |
_aPaul de Gaudemar _915026 |
||
| 700 |
_aGilles Granger _915027 |
||
| 700 |
_aHenri Lefebvre _915028 |
||
| 700 |
_aJosé Sazbón _915029 |
||
| 700 |
_aEvon Z. Vogt _915030 |
||
| 942 |
_2ddc _cLIBROS |
||
| 945 | _artm | ||